000 00343 a2200157 4500
001 182812
020 _a
040 _cMagnum
100 _aMalba Tahan
240 1 0 _aA arte de ler e contar histórias
_lpor
245 1 0 _aA arte de ler e contar histórias
300 _a222
362 0 _a1964
697 _aLITERATURA GERAL
942 _cBK
999 _c182812
_d182812